Statistics for Catholic Pilgrimage Sites

Click here to take the quiz!

General Stats

  • This quiz has been taken 48 times
  • The average score is 5 of 10

Answers on the Map

Answers color-coded by a green-red scale on the quiz's map according to % correct below.
 

Answer Stats

Answer% Correct
Rome, Italy
93%
The Holy Land
87%
Our Lady of Lourdes, Lourdes, France
78%
Our Lady of Fatima, Fatima, Portugal
64%
Camino de Santiago, Santiago de Compostela, Spain
53%
Assisi, Italy
29%
Canterbury Cathedral, Canterbury, UK
29%
Our Lady of Guadalupe, Mexico City, Mexico
29%
Our Lady of Medjugorje, Medjugorje, Bosnia and Herzegovina
24%
Our Lady of Częstochowa
18%

Score Distribution

Percentile by Number Answered

Percent of People with Each Score

Your Score History

You have not taken this quiz